| 000 | 00861nam a2200289 a 4500 | ||
|---|---|---|---|
| 001 | 37706 | ||
| 003 | BD-RjUL | ||
| 005 | 20211209052634.0 | ||
| 008 | 150208s2011 ii 001 0 eng | ||
| 020 | _a9788184952407 | ||
| 035 | _a(BD-RjUL)37810 | ||
| 040 |
_aANL _beng _dANL _dQPPL _dANL _cBD-RjUL |
||
| 041 | _aeng | ||
| 082 | 0 | 4 |
_a650.1 _222 _bATS 2012 |
| 100 | 1 |
_aAtkinson, Frank. _9115990 |
|
| 245 | 1 | 0 |
_aSuccessful time management / _cFrank Atkinson. |
| 246 | 3 | 4 |
_aSuccessful time management : _bget brilliant results fast |
| 246 | 3 | 2 | _aTime management |
| 260 |
_aDelhi : _bJaico Publishing House, _c2011 [impression 2012 |
||
| 300 |
_a208 p. ; _c22 cm. |
||
| 490 | 1 | _aSuccessful | |
| 500 | _aIncludes index. | ||
| 650 | 0 |
_aTime management. _9115991 |
|
| 650 | 0 |
_aSuccess in business. _9115606 |
|
| 830 | 0 |
_aSuccessful. _9115993 |
|
| 942 |
_2ddc _cBK |
||
| 999 |
_c37706 _d37706 |
||